Normal view
MARC view
- Frederick E. Giesecke
Entry Personal Name
001 - CONTROL NUMBER
- control field: 125862
003 - CONTROL NUMBER IDENTIFIER
- control field: NUST
005 - DATE AND TIME OF LATEST TRANSACTION
- control field: 20240912190236.0
008 - FIXED-LENGTH DATA ELEMENTS
- fixed length control field: 240912|| aca||aabn | a|a d
040 ## - CATALOGING SOURCE
- Original cataloging agency: NUST
- Transcribing agency: NUST
100 ## - HEADING--PERSONAL NAME
- Personal name: Frederick E. Giesecke
670 ## - SOURCE DATA FOUND
- Source citation: Work cat.: (NUST): Frederick E. Giesecke, Technical Drawing, 1967.
